[Event "GER-ch Youth U10W 2020"]
[Site "Willingen"]
[Date "2020.10.28"]
[Round "3.14"]
[White "Le, Thao-Linh"]
[Black "Nalam, Mokshadha"]
[Result "1-0"]
[WhiteElo "1121"]
[BlackElo "962"]
[Annotator "NA"]
[PlyCount "53"]
[EventDate "2020.10.27"]
[EventType "swiss"]
[EventRounds "7"]
[EventCountry "GER"]
[SourceTitle "playchess.com"]
[Source "ChessBase"]
[SourceQuality "1"]
[TimeControl "40/4500+30:900+30"]

1. e4 {[%emt 0:00:00]} e5 {[%emt 0:00:00]} 2. f4 {[%emt 0:00:47]} Bc5 {[%emt 0:00:00]} 3. Nf3 {[%emt 0:01:21]} d6 {[%emt 0:00:00]} 4. c3 {[%emt 0:00:47]} Nf6 {[%emt 0:01:27]} 5. d4 {[%emt 0:00:32]} exd4 {[%emt 0:00:14]} 6. cxd4 {[%emt 0:02:42]} Bb6 {[%emt 0:00:13]} 7. Nc3 {[%emt 0:03:58]} O-O {[%emt 0:01:32]} 8. Bd3 {[%emt 0:07:01]} Re8 {[%emt 0:00:27]} 9. O-O {[%emt 0:01:12]} Nc6 {[%emt 0:01:06]} 10. Bc2 {[%emt 0:03:18]} Bg4 {[%emt 0:01:31]} 11. Be3 {[%emt 0:06:11]} d5 {[%emt 0:01:33]} 12. e5 {[%emt 0:06:39]} Nd7 {[%emt 0:00:58]} 13. h3 {[%emt 0:02:19]} Bh5 {[%emt 0:00:11]} 14. Qe1 {[%emt 0:01:50]} f6 {[%emt 0:00:46]} 15. Nxd5 {[%emt 0:09:55]} Bf7 {[%emt 0:04:08]} 16. Nc3 {[%emt 0:09:45]} Ba5 {[%emt 0:02:00]} 17. Qh4 {[%emt 0:03:52]} h6 {[%emt 0:00:44]} 18. a3 {[%emt 0:04:39]} Ne7 {[%emt 0:02:01]} 19. b4 {[%emt 0:05:55]} Bb6 {[%emt 0:00:11]} 20. Rad1 {[%emt 0:00:43]} Bg6 {[%emt 0:01:52]} 21. Bxg6 {[%emt 0:00:41]} Nxg6 {[%emt 0:00:15]} 22. Qg4 {[%emt 0:00:38]} Ne7 {[%emt 0:01:24]} 23. f5 {[%emt 0:01:10]} Kf8 {[%emt 0:01:54]} 24. e6 {[%emt 0:01:35]} Ng8 {[%emt 0:01:47]} 25. Qg6 {[%emt 0:01:40]} Qe7 {[%emt 0:00:23]} 26. Nd5 {[%emt 0:00:17]} Ne5 {[%emt 0:00:35]} 27. Nxe5 {[%emt 0:00:20]} 1-0

[Event "GER-ch Youth U10W 2020"]
[Site "Willingen"]
[Date "2020.10.28"]
[Round "3.15"]
[White "Stepanjan, Tatevik Mia"]
[Black "Jäger, Viktoria"]
[Result "1-0"]
[WhiteElo "1030"]
[BlackElo "1114"]
[Annotator "NA"]
[PlyCount "81"]
[EventDate "2020.10.27"]
[EventType "swiss"]
[EventRounds "7"]
[EventCountry "GER"]
[SourceTitle "playchess.com"]
[Source "ChessBase"]
[SourceQuality "1"]
[TimeControl "40/4500+30:900+30"]

1. e4 {[%emt 0:00:00]} e5 {[%emt 0:00:00]} 2. Nf3 {[%emt 0:00:00]} Nc6 {[%emt 0:00:00]} 3. Bb5 {[%emt 0:00:06]} Nf6 {[%emt 0:00:00]} 4. d3 {[%emt 0:00:21]} a6 {[%emt 0:00:17]} 5. Bxc6 {[%emt 0:00:11]} dxc6 {[%emt 0:00:26]} 6. Nxe5 {[%emt 0:00:08]} Ng8 {[%emt 0:01:06]} 7. Nc3 {[%emt 0:00:25]} Nf6 {[%emt 0:00:25]} 8. Bg5 {[%emt 0:00:15]} Bc5 {[%emt 0:00:55]} 9. O-O {[%emt 0:00:50]} Qd6 {[%emt 0:00:34]} 10. Nf3 {[%emt 0:00:40]} Bg4 {[%emt 0:01:34]} 11. e5 {[%emt 0:01:23]} Bxf3 {[%emt 0:01:00]} 12. exd6 {[%emt 0:00:39]} Bxd1 {[%emt 0:00:24]} 13. Raxd1 {[%emt 0:00:15]} Bxd6 {[%emt 0:00:31]} 14. Rfe1+ {[%emt 0:00:31]} Be7 {[%emt 0:00:17]} 15. Rd2 {[%emt 0:00:38]} h6 {[%emt 0:01:46]} 16. Bxf6 {[%emt 0:00:19]} gxf6 {[%emt 0:00:08]} 17. Rde2 {[%emt 0:00:07]} O-O-O {[%emt 0:00:21]} 18. Rxe7 {[%emt 0:00:19]} Rh7 {[%emt 0:00:15]} 19. Na4 {[%emt 0:01:00]} Rg7 {[%emt 0:00:18]} 20. Nc5 {[%emt 0:00:19]} Rgg8 {[%emt 0:00:51]} 21. Rxf7 {[%emt 0:00:15]} Rd5 {[%emt 0:00:35]} 22. b4 {[%emt 0:00:33]} b6 {[%emt 0:00:14]} 23. Ne4 {[%emt 0:00:37]} f5 {[%emt 0:00:34]} 24. Nf6 {[%emt 0:00:12]} Rdd8 {[%emt 0:00:35]} 25. Nxg8 {[%emt 0:00:28]} Rxg8 {[%emt 0:04:15]} 26. Rxf5 {[%emt 0:00:33]} Kd8 {[%emt 0:00:49]} 27. Rf7 {[%emt 0:00:17]} Rh8 {[%emt 0:00:25]} 28. Ree7 {[%emt 0:00:23]} Rg8 {[%emt 0:01:04]} 29. Rxc7 {[%emt 0:00:22]} Ke8 {[%emt 0:00:55]} 30. d4 {[%emt 0:00:29]} Kd8 {[%emt 0:00:51]} 31. Rxc6 {[%emt 0:00:08]} Rg5 {[%emt 0:01:22]} 32. Rxb6 {[%emt 0:01:11]} Kc8 {[%emt 0:00:20]} 33. Rbb7 {[%emt 0:00:14]} Rg8 {[%emt 0:00:16]} 34. d5 {[%emt 0:00:10]} a5 {[%emt 0:00:21]} 35. bxa5 {[%emt 0:00:20]} Rg6 {[%emt 0:00:43]} 36. Ra7 {[%emt 0:00:32]} Kb8 {[%emt 0:00:08]} 37. Rae7 {[%emt 0:00:10]} Rg8 {[%emt 0:00:14]} 38. d6 {[%emt 0:00:19]} Rd8 {[%emt 0:00:15]} 39. d7 {[%emt 0:00:40]} h5 {[%emt 0:00:09]} 40. Re8 {[%emt 0:00:07]} Rxe8 {[%emt 0:00:24]} 41. dxe8=Q# 1-0

[Event "GER-ch Youth U10W 2020"]
[Site "Willingen"]
[Date "2020.10.28"]
[Round "3.16"]
[White "Zimmermann, Lilly Marie"]
[Black "Wolf, Anna"]
[Result "1-0"]
[WhiteElo "851"]
[BlackElo "1098"]
[Annotator "NA"]
[PlyCount "23"]
[EventDate "2020.10.27"]
[EventType "swiss"]
[EventRounds "7"]
[EventCountry "GER"]
[SourceTitle "playchess.com"]
[Source "ChessBase"]
[SourceQuality "1"]
[TimeControl "40/4500+30:900+30"]

1. e4 {[%emt 0:00:00]} e5 {[%emt 0:00:00]} 2. Nf3 {[%emt 0:00:00]} Nc6 {[%emt 0:00:00]} 3. d4 {[%emt 0:00:00]} exd4 {[%emt 0:00:00]} 4. Nxd4 {[%emt 0:00:00]} Bc5 {[%emt 0:00:00]} 5. Nxc6 {[%emt 0:00:15]} Qf6 {[%emt 0:00:11]} 6. f3 {[%emt 0:01:21]} dxc6 {[%emt 0:00:24]} 7. Bc4 {[%emt 0:01:03]} Ne7 {[%emt 0:00:50]} 8. Bd3 {[%emt 0:00:36]} O-O {[%emt 0:00:30]} 9. Qe2 {[%emt 0:00:32]} b6 {[%emt 0:02:01]} 10. e5 {[%emt 0:00:22]} Qe6 {[%emt 0:01:53]} 11. Qe4 {[%emt 0:00:55]} Bb7 {[%emt 0:00:35]} 12. Qxh7# {[%emt 0:00:13]} 1-0

[Event "GER-ch Youth U10W 2020"]
[Site "Willingen"]
[Date "2020.10.28"]
[Round "3.17"]
[White "Rössling, Laura Marie"]
[Black "Heidtkamp, Anna"]
[Result "0-1"]
[WhiteElo "937"]
[BlackElo "1078"]
[Annotator "NA"]
[PlyCount "100"]
[EventDate "2020.10.27"]
[EventType "swiss"]
[EventRounds "7"]
[EventCountry "GER"]
[SourceTitle "playchess.com"]
[Source "ChessBase"]
[SourceQuality "1"]
[TimeControl "40/4500+30:900+30"]

1. e4 {[%emt 0:00:00]} e5 {[%emt 0:00:00]} 2. Nf3 {[%emt 0:00:00]} Nc6 {[%emt 0:00:00]} 3. Bc4 {[%emt 0:00:00]} Bc5 {[%emt 0:00:00]} 4. c3 {[%emt 0:00:08]} Nf6 {[%emt 0:00:04]} 5. d4 {[%emt 0:00:11]} exd4 {[%emt 0:00:07]} 6. cxd4 {[%emt 0:00:15]} Bb4+ {[%emt 0:00:09]} 7. Nc3 {[%emt 0:00:20]} d5 {[%emt 0:00:56]} 8. exd5 {[%emt 0:01:06]} Nxd5 {[%emt 0:00:25]} 9. O-O {[%emt 0:01:59]} Nxc3 {[%emt 0:00:22]} 10. Qe1+ {[%emt 0:00:53]} Qe7 {[%emt 0:01:38]} 11. Qxe7+ {[%emt 0:01:12]} Bxe7 {[%emt 0:00:12]} 12. bxc3 {[%emt 0:00:42]} Bg4 {[%emt 0:00:16]} 13. d5 {[%emt 0:02:32]} Bxf3 {[%emt 0:00:34]} 14. gxf3 {[%emt 0:00:38]} Ne5 {[%emt 0:00:16]} 15. Bb5+ {[%emt 0:00:36]} c6 {[%emt 0:00:32]} 16. dxc6 {[%emt 0:00:55]} bxc6 {[%emt 0:00:09]} 17. Be2 {[%emt 0:00:47]} O-O {[%emt 0:00:28]} 18. Rd1 {[%emt 0:02:26]} Ng6 {[%emt 0:00:46]} 19. Rb1 {[%emt 0:01:03]} Rab8 {[%emt 0:00:17]} 20. Be3 {[%emt 0:00:42]} Bf6 21. Bxa7 {[%emt 0:01:11]} Rxb1 {[%emt 0:01:34]} 22. Rxb1 {[%emt 0:00:23]} Bxc3 {[%emt 0:00:11]} 23. Bc5 {[%emt 0:01:02]} Re8 {[%emt 0:00:19]} 24. Kf1 {[%emt 0:01:24]} Nf4 {[%emt 0:00:35]} 25. Bc4 {[%emt 0:00:36]} Nd5 {[%emt 0:00:34]} 26. Bxd5 {[%emt 0:01:27]} cxd5 {[%emt 0:00:10]} 27. Bb4 {[%emt 0:00:45]} Be5 {[%emt 0:00:21]} 28. Re1 {[%emt 0:00:49]} Re6 {[%emt 0:00:28]} 29. Rc1 {[%emt 0:01:16]} h6 {[%emt 0:00:15]} 30. a4 {[%emt 0:01:55]} d4 {[%emt 0:00:26]} 31. Rc8+ {[%emt 0:01:02]} Kh7 {[%emt 0:00:46]} 32. Ra8 {[%emt 0:00:37]} Bd6 {[%emt 0:00:41]} 33. Bxd6 {[%emt 0:00:36]} Rxd6 {[%emt 0:00:16]} 34. a5 {[%emt 0:00:19]} d3 {[%emt 0:00:13]} 35. Ke1 {[%emt 0:00:41]} Re6+ {[%emt 0:00:52]} 36. Kd2 {[%emt 0:00:17]} Re2+ {[%emt 0:00:41]} 37. Kxd3 {[%emt 0:00:23]} Rxf2 {[%emt 0:00:14]} 38. Ke3 {[%emt 0:00:23]} Rxh2 {[%emt 0:00:16]} 39. a6 {[%emt 0:00:15]} Ra2 {[%emt 0:00:15]} 40. a7 {[%emt 0:00:13]} h5 {[%emt 0:00:08]} 41. Kd4 {[%emt 0:15:04]} h4 {[%emt 0:15:05]} 42. Kc5 {[%emt 0:00:09]} h3 {[%emt 0:00:40]} 43. Kb6 {[%emt 0:00:15]} h2 {[%emt 0:00:12]} 44. Kb7 {[%emt 0:00:59]} h1=Q {[%emt 0:00:13]} 45. Rc8 {[%emt 0:01:06]} Qxf3+ {[%emt 0:00:10]} 46. Kb8 {[%emt 0:01:10]} Rb2+ {[%emt 0:00:20]} 47. Kc7 {[%emt 0:00:53]} Qb7+ {[%emt 0:00:24]} 48. Kd8 {[%emt 0:00:21]} Qxa7 {[%emt 0:00:21]} 49. Ke8 {[%emt 0:00:35]} Re2+ {[%emt 0:00:42]} 50. Kf8 {[%emt 0:00:20]} Qe7# {[%emt 0:00:22]} 0-1

[Event "GER-ch Youth U10W 2020"]
[Site "Willingen"]
[Date "2020.10.28"]
[Round "3.18"]
[White "Peglau, Lorena"]
[Black "Tu, Audrey"]
[Result "1-0"]
[WhiteElo "1061"]
[BlackElo "754"]
[Annotator "NA"]
[PlyCount "63"]
[EventDate "2020.10.27"]
[EventType "swiss"]
[EventRounds "7"]
[EventCountry "GER"]
[SourceTitle "playchess.com"]
[Source "ChessBase"]
[SourceQuality "1"]
[TimeControl "40/4500+30:900+30"]

1. c4 {[%emt 0:00:00]} e5 {[%emt 0:00:00]} 2. Nc3 {[%emt 0:00:00]} Nc6 {[%emt 0:00:00]} 3. g3 {[%emt 0:00:00]} Nf6 {[%emt 0:00:01]} 4. Bg2 {[%emt 0:00:11]} Bc5 {[%emt 0:00:36]} 5. b3 {[%emt 0:01:12]} d6 {[%emt 0:00:38]} 6. Bb2 {[%emt 0:00:15]} Bg4 {[%emt 0:00:40]} 7. Qc2 {[%emt 0:01:15]} Qd7 {[%emt 0:00:37]} 8. e3 {[%emt 0:00:31]} a6 {[%emt 0:00:31]} 9. Nd5 {[%emt 0:00:49]} h6 {[%emt 0:02:38]} 10. Bc3 {[%emt 0:03:05]} Ba7 {[%emt 0:06:52]} 11. Qb2 {[%emt 0:01:49]} O-O-O {[%emt 0:03:19]} 12. d4 {[%emt 0:01:14]} e4 {[%emt 0:03:27]} 13. Nxf6 {[%emt 0:00:23]} gxf6 {[%emt 0:00:55]} 14. Bxe4 {[%emt 0:00:17]} Rde8 {[%emt 0:01:53]} 15. Bg2 {[%emt 0:00:31]} Rhg8 {[%emt 0:02:27]} 16. d5 {[%emt 0:01:07]} Ne7 {[%emt 0:02:35]} 17. Bxf6 {[%emt 0:00:16]} Qf5 {[%emt 0:02:55]} 18. Rc1 {[%emt 0:02:59]} Rg6 {[%emt 0:07:23]} 19. Bc3 {[%emt 0:01:18]} h5 {[%emt 0:05:16]} 20. Bb4 {[%emt 0:00:47]} c5 {[%emt 0:01:20]} 21. Ba5 {[%emt 0:00:34]} b6 {[%emt 0:04:39]} 22. Bd2 {[%emt 0:00:14]} b5 {[%emt 0:03:17]} 23. f3 {[%emt 0:01:12]} Bxf3 {[%emt 0:03:54]} 24. Nxf3 {[%emt 0:00:27]} bxc4 {[%emt 0:02:43]} 25. Nh4 {[%emt 0:00:37]} Qg5 {[%emt 0:01:13]} 26. e4 {[%emt 0:01:03]} Qf6 {[%emt 0:01:58]} 27. Bc3 {[%emt 0:01:03]} Qg5 {[%emt 0:00:55]} 28. Nxg6 {[%emt 0:01:29]} Qxg6 {[%emt 0:00:55]} 29. Bh3+ {[%emt 0:00:20]} Kb7 {[%emt 0:00:48]} 30. bxc4+ {[%emt 0:00:15]} Kc7 {[%emt 0:00:31]} 31. Ba5+ {[%emt 0:00:19]} Bb6 {[%emt 0:00:18]} 32. Qxb6# 1-0

[Event "GER-ch Youth U10W 2020"]
[Site "Willingen"]
[Date "2020.10.28"]
[Round "3.19"]
[White "Le, Thi An"]
[Black "Margaryan, Mari"]
[Result "1-0"]
[WhiteElo "976"]
[BlackElo "690"]
[Annotator "NA"]
[PlyCount "51"]
[EventDate "2020.10.27"]
[EventType "swiss"]
[EventRounds "7"]
[EventCountry "GER"]
[SourceTitle "playchess.com"]
[Source "ChessBase"]
[SourceQuality "1"]
[TimeControl "40/4500+30:900+30"]

1. e4 {[%emt 0:00:00]} e5 {[%emt 0:00:00]} 2. Nf3 {[%emt 0:00:00]} Nc6 {[%emt 0:00:00]} 3. Bc4 {[%emt 0:00:00]} Bc5 {[%emt 0:00:00]} 4. c3 {[%emt 0:00:00]} Nf6 {[%emt 0:00:00]} 5. d4 {[%emt 0:00:00]} exd4 {[%emt 0:00:08]} 6. cxd4 {[%emt 0:00:02]} Bb4+ {[%emt 0:00:12]} 7. Bd2 Bxd2+ 8. Nbxd2 {[%emt 0:00:55]} d5 {[%emt 0:00:42]} 9. exd5 {[%emt 0:00:09]} Nxd5 {[%emt 0:00:11]} 10. O-O {[%emt 0:00:24]} O-O {[%emt 0:00:11]} 11. h3 Nce7 {[%emt 0:00:34]} 12. Re1 {[%emt 0:00:56]} Bf5 {[%emt 0:00:19]} 13. Qb3 {[%emt 0:00:43]} Re8 {[%emt 0:00:27]} 14. Re5 {[%emt 0:00:34]} Be6 {[%emt 0:00:27]} 15. Rae1 {[%emt 0:00:24]} c6 {[%emt 0:00:26]} 16. R1e4 {[%emt 0:00:56]} a5 {[%emt 0:00:51]} 17. Rh4 {[%emt 0:00:38]} a4 {[%emt 0:00:29]} 18. Qc2 Ng6 {[%emt 0:01:01]} 19. Reh5 {[%emt 0:01:24]} Nxh4 {[%emt 0:00:20]} 20. Qxh7+ {[%emt 0:01:59]} Kf8 {[%emt 0:00:29]} 21. Rxh4 {[%emt 0:00:49]} Qc8 {[%emt 0:00:34]} 22. Qh5 {[%emt 0:00:55]} Ke7 {[%emt 0:00:24]} 23. Ne5 {[%emt 0:01:01]} Rh8 {[%emt 0:00:16]} 24. Qg5+ {[%emt 0:00:47]} f6 {[%emt 0:00:16]} 25. Qxg7+ {[%emt 0:00:14]} Kd6 {[%emt 0:00:36]} 26. Ne4# 1-0

[Event "GER-ch Youth U10W 2020"]
[Site "Willingen"]
[Date "2020.10.28"]
[Round "3.20"]
[White "Amrhein, Yana"]
[Black "Mo, Keyou"]
[Result "0-1"]
[WhiteElo "747"]
[BlackElo "950"]
[Annotator "NA"]
[PlyCount "56"]
[EventDate "2020.10.27"]
[EventType "swiss"]
[EventRounds "7"]
[EventCountry "GER"]
[SourceTitle "playchess.com"]
[Source "ChessBase"]
[SourceQuality "1"]
[TimeControl "40/4500+30:900+30"]

1. Nf3 {[%emt 0:00:00]} d5 {[%emt 0:00:00]} 2. g3 {[%emt 0:00:00]} c5 {[%emt 0:00:00]} 3. Bg2 {[%emt 0:00:05]} Nc6 {[%emt 0:00:00]} 4. O-O {[%emt 0:00:12]} e6 {[%emt 0:00:23]} 5. d3 {[%emt 0:00:13]} Nf6 {[%emt 0:00:40]} 6. b3 {[%emt 0:00:12]} Bd6 {[%emt 0:00:20]} 7. Bb2 {[%emt 0:00:10]} O-O {[%emt 0:00:24]} 8. c4 {[%emt 0:00:04]} e5 {[%emt 0:00:56]} 9. Nfd2 {[%emt 0:00:36]} Be6 {[%emt 0:00:24]} 10. Nf3 {[%emt 0:00:21]} d4 {[%emt 0:01:30]} 11. e3 {[%emt 0:00:10]} Rb8 {[%emt 0:01:47]} 12. exd4 {[%emt 0:00:11]} cxd4 {[%emt 0:00:15]} 13. Nbd2 {[%emt 0:00:20]} b5 {[%emt 0:01:11]} 14. cxb5 {[%emt 0:00:09]} Rxb5 {[%emt 0:00:19]} 15. Ng5 {[%emt 0:00:24]} Bg4 {[%emt 0:01:18]} 16. Qe1 {[%emt 0:00:48]} Bb4 {[%emt 0:06:20]} 17. Bxc6 Rb6 {[%emt 0:02:32]} 18. Bg2 {[%emt 0:00:18]} Nd7 {[%emt 0:01:01]} 19. Qe4 {[%emt 0:00:31]} Qxg5 {[%emt 0:01:21]} 20. Nf3 {[%emt 0:01:21]} Bxf3 {[%emt 0:02:17]} 21. Bxf3 {[%emt 0:00:08]} Nc5 {[%emt 0:01:57]} 22. Qe2 {[%emt 0:00:40]} Qf5 {[%emt 0:02:23]} 23. Kg2 {[%emt 0:00:32]} Nxd3 {[%emt 0:00:47]} 24. Qc2 {[%emt 0:00:17]} Rc8 {[%emt 0:00:57]} 25. Qe2 {[%emt 0:00:21]} Nxb2 {[%emt 0:01:56]} 26. Qxb2 {[%emt 0:00:28]} Rh6 {[%emt 0:01:19]} 27. Rac1 {[%emt 0:00:24]} Qh3+ {[%emt 0:00:13]} 28. Kg1 {[%emt 0:00:51]} Qxh2# 0-1

[Event "GER-ch Youth U10W 2020"]
[Site "Willingen"]
[Date "2020.10.29"]
[Round "4.1"]
[White "Woiteck, Sophia"]
[Black "Sickmann, Lisa"]
[Result "0-1"]
[WhiteElo "1065"]
[BlackElo "1510"]
[Annotator "NA RC"]
[PlyCount "36"]
[EventDate "2020.10.27"]
[EventType "swiss"]
[EventRounds "7"]
[EventCountry "GER"]
[SourceTitle "playchess.com"]
[Source "ChessBase"]
[SourceQuality "1"]
[TimeControl "40/4500+30:900+30"]

1. d4 {[%emt 0:00:00]} Nf6 {[%emt 0:00:00]} 2. Bf4 {[%emt 0:00:00]} e6 {[%emt 0:00:10]} 3. e3 {[%emt 0:00:31]} Be7 {[%emt 0:00:54]} 4. c4 {[%emt 0:01:03]} d5 {[%emt 0:13:38]} 5. c5 {[%emt 0:04:36]} c6 {[%emt 0:00:39]} 6. Nd2 {[%emt 0:05:49]} b6 {[%emt 0:02:59]} 7. b4 {[%emt 0:00:47]} a5 {[%emt 0:00:16]} 8. a3 {[%emt 0:01:23]} Ba6 {[%emt 0:00:32]} 9. Be2 {[%emt 0:02:57]} Bxe2 {[%emt 0:03:16]} 10. Qxe2 {[%emt 0:00:14]} axb4 {[%emt 0:00:24]} 11. Nb3 {[%emt 0:07:56]} bxa3 {[%emt 0:00:35]} 12. Qc2 {[%emt 0:00:40]} bxc5 {[%emt 0:00:45]} 13. Nxc5 {[%emt 0:01:35]} Qa5+ {[%emt 0:00:23]} 14. Kd1 {[%emt 0:10:45]} Bxc5 {[%emt 0:00:25]} 15. Qxc5 {[%emt 0:02:09]} Qxc5 {[%emt 0:00:07]} 16. dxc5 {[%emt 0:00:08]} Nbd7 {[%emt 0:00:15]} 17. Kc2 {[%emt 0:00:39]} Nxc5 {[%emt 0:00:25]} 18. Kc3 {[%emt 0:00:21]} Nce4+ {[%emt 0:00:15]} 0-1

[Event "GER-ch Youth U10W 2020"]
[Site "Willingen"]
[Date "2020.10.29"]
[Round "4.3"]
[White "Meier, Viktoria"]
[Black "Czäczine, Paula"]
[Result "0-1"]
[WhiteElo "1316"]
[BlackElo "1127"]
[Annotator "NA RC"]
[PlyCount "44"]
[EventDate "2020.10.27"]
[EventType "swiss"]
[EventRounds "7"]
[EventCountry "GER"]
[SourceTitle "playchess.com"]
[Source "ChessBase"]
[SourceQuality "1"]
[TimeControl "40/4500+30:900+30"]

1. d4 {[%emt 0:00:00]} d5 {[%emt 0:00:00]} 2. Bf4 {[%emt 0:00:00]} c5 {[%emt 0:00:00]} 3. e3 {[%emt 0:00:00]} Nc6 {[%emt 0:00:00]} 4. c3 {[%emt 0:00:02]} f6 {[%emt 0:00:24]} 5. Nf3 {[%emt 0:00:12]} g5 {[%emt 0:00:21]} 6. Bg3 {[%emt 0:00:28]} h5 {[%emt 0:00:22]} 7. h3 {[%emt 0:00:15]} Nh6 {[%emt 0:00:49]} 8. Bd3 {[%emt 0:01:57]} Bf5 {[%emt 0:00:31]} 9. Bxf5 {[%emt 0:01:10]} Nxf5 {[%emt 0:00:12]} 10. Bh2 {[%emt 0:00:50]} g4 {[%emt 0:03:09]} 11. hxg4 {[%emt 0:01:09]} hxg4 {[%emt 0:00:28]} 12. Qd3 {[%emt 0:07:16]} Qd7 {[%emt 0:03:46]} 13. Nfd2 {[%emt 0:01:39]} O-O-O {[%emt 0:05:43]} 14. e4 {[%emt 0:03:59]} dxe4 {[%emt 0:05:00]} 15. Nxe4 {[%emt 0:01:56]} Qe6 {[%emt 0:00:44]} 16. Nbd2 {[%emt 0:02:29]} cxd4 {[%emt 0:03:53]} 17. cxd4 {[%emt 0:02:08]} Rxd4 {[%emt 0:01:13]} 18. Qe2 {[%emt 0:02:27]} Qd5 {[%emt 0:13:17]} 19. Qxg4 {[%emt 0:03:29]} Rg8 {[%emt 0:10:47]} 20. Qf4 {[%emt 0:01:41]} Nd6 {[%emt 0:00:34]} 21. O-O {[%emt 0:03:33]} f5 {[%emt 0:02:20]} 22. Nc3 {[%emt 0:01:26]} Qxg2# 0-1

[Event "GER-ch Youth U10W 2020"]
[Site "Willingen"]
[Date "2020.10.29"]
[Round "4.4"]
[White "Schube, Theresa"]
[Black "Halas, Neele Zoe"]
[Result "1-0"]
[WhiteElo "1131"]
[BlackElo "1295"]
[Annotator "NA RC"]
[PlyCount "105"]
[EventDate "2020.10.27"]
[EventType "swiss"]
[EventRounds "7"]
[EventCountry "GER"]
[SourceTitle "playchess.com"]
[Source "ChessBase"]
[SourceQuality "1"]
[TimeControl "40/4500+30:900+30"]

1. e4 {[%emt 0:00:00]} e5 {[%emt 0:00:00]} 2. Nf3 {[%emt 0:00:00]} Nc6 {[%emt 0:00:00]} 3. Bc4 {[%emt 0:00:11]} Nf6 {[%emt 0:00:00]} 4. Ng5 {[%emt 0:00:27]} d5 {[%emt 0:00:01]} 5. exd5 {[%emt 0:00:18]} Nd4 {[%emt 0:00:08]} 6. c3 {[%emt 0:00:49]} Nf5 {[%emt 0:09:18]} 7. Qb3 {[%emt 0:11:46]} Nd6 {[%emt 0:00:51]} 8. Bb5+ {[%emt 0:01:38]} Nxb5 {[%emt 0:04:52]} 9. Qxb5+ {[%emt 0:00:59]} Qd7 {[%emt 0:00:19]} 10. Qxd7+ {[%emt 0:02:30]} Nxd7 {[%emt 0:01:36]} 11. d4 {[%emt 0:06:51]} exd4 {[%emt 0:00:32]} 12. cxd4 {[%emt 0:00:26]} Bd6 {[%emt 0:00:26]} 13. O-O {[%emt 0:00:41]} O-O {[%emt 0:00:22]} 14. Re1 {[%emt 0:03:43]} Nf6 {[%emt 0:01:10]} 15. Nc3 {[%emt 0:00:40]} Bb4 {[%emt 0:02:20]} 16. Re5 {[%emt 0:02:04]} a6 {[%emt 0:07:17]} 17. Nge4 {[%emt 0:01:40]} Nxe4 {[%emt 0:02:07]} 18. Rxe4 {[%emt 0:00:40]} b6 {[%emt 0:02:40]} 19. a3 {[%emt 0:01:02]} Bd6 {[%emt 0:02:05]} 20. Bf4 {[%emt 0:01:28]} Bxf4 {[%emt 0:00:59]} 21. Rxf4 {[%emt 0:00:51]} Bb7 {[%emt 0:00:14]} 22. Re4 {[%emt 0:01:06]} Rfe8 {[%emt 0:00:47]} 23. Rae1 {[%emt 0:00:52]} Kf8 {[%emt 0:00:23]} 24. f3 {[%emt 0:00:37]} f5 {[%emt 0:00:52]} 25. Re5 {[%emt 0:00:53]} g6 {[%emt 0:01:28]} 26. g4 {[%emt 0:01:24]} fxg4 {[%emt 0:03:05]} 27. fxg4 {[%emt 0:01:13]} Rad8 {[%emt 0:04:34]} 28. Rxe8+ {[%emt 0:01:09]} Rxe8 {[%emt 0:00:13]} 29. Rxe8+ {[%emt 0:00:08]} Kxe8 {[%emt 0:00:04]} 30. Kf2 {[%emt 0:00:25]} Ke7 {[%emt 0:00:14]} 31. Ke3 {[%emt 0:03:31]} h6 {[%emt 0:07:55]} 32. h4 {[%emt 0:01:33]} Kd6 {[%emt 0:03:07]} 33. h5 {[%emt 0:01:06]} gxh5 {[%emt 0:01:16]} 34. gxh5 {[%emt 0:00:22]} Bxd5 {[%emt 0:00:43]} 35. Ne4+ {[%emt 0:02:11]} Bxe4 {[%emt 0:07:34]} 36. Kxe4 {[%emt 0:00:10]} Ke6 {[%emt 0:00:50]} 37. d5+ {[%emt 0:01:13]} Kf6 {[%emt 0:00:18]} 38. Kf4 {[%emt 0:00:24]} a5 {[%emt 0:00:23]} 39. a4 {[%emt 0:00:36]} Kg7 {[%emt 0:10:50]} 40. Ke5 {[%emt 0:00:53]} Kf7 {[%emt 0:00:11]} 41. Kf5 {[%emt 0:15:13]} Kg7 {[%emt 0:17:40]} 42. Ke6 {[%emt 0:00:33]} Kg8 {[%emt 0:00:50]} 43. Kd7 {[%emt 0:00:25]} Kf7 {[%emt 0:00:08]} 44. Kxc7 {[%emt 0:00:10]} Kf6 {[%emt 0:00:05]} 45. d6 {[%emt 0:00:08]} Kg5 46. d7 {[%emt 0:00:12]} Kxh5 {[%emt 0:00:17]} 47. d8=Q {[%emt 0:00:24]} b5 {[%emt 0:00:06]} 48. Qg8 {[%emt 0:00:24]} bxa4 {[%emt 0:00:11]} 49. Kd6 {[%emt 0:00:10]} a3 {[%emt 0:00:11]} 50. bxa3 {[%emt 0:00:07]} a4 {[%emt 0:00:04]} 51. Ke5 {[%emt 0:00:07]} Kh4 {[%emt 0:00:08]} 52. Kf4 {[%emt 0:00:11]} h5 {[%emt 0:00:07]} 53. Qg3# 1-0

[Event "GER-ch Youth U10W 2020"]
[Site "Willingen"]
[Date "2020.10.29"]
[Round "4.5"]
[White "Le, Thao-Linh"]
[Black "Trunz, Tamila"]
[Result "0-1"]
[WhiteElo "1121"]
[BlackElo "1379"]
[Annotator "NA RC"]
[PlyCount "46"]
[EventDate "2020.10.27"]
[EventType "swiss"]
[EventRounds "7"]
[EventCountry "GER"]
[SourceTitle "playchess.com"]
[Source "ChessBase"]
[SourceQuality "1"]
[TimeControl "40/4500+30:900+30"]

1. e4 {[%emt 0:00:31]} e5 {[%emt 0:00:00]} 2. Nc3 {[%emt 0:01:35]} Nf6 {[%emt 0:00:05]} 3. g3 {[%emt 0:02:08]} Bc5 {[%emt 0:01:33]} 4. Bg2 {[%emt 0:03:51]} c6 {[%emt 0:02:53]} 5. Nge2 {[%emt 0:08:27]} d5 {[%emt 0:01:12]} 6. d4 {[%emt 0:10:53]} exd4 {[%emt 0:01:42]} 7. Nxd4 {[%emt 0:02:51]} Qb6 {[%emt 0:04:37]} 8. Nce2 {[%emt 0:12:48]} Nxe4 {[%emt 0:04:45]} 9. Bxe4 {[%emt 0:07:14]} dxe4 {[%emt 0:00:47]} 10. O-O {[%emt 0:04:14]} O-O {[%emt 0:00:54]} 11. Qd2 {[%emt 0:03:42]} Rd8 {[%emt 0:04:37]} 12. c3 {[%emt 0:02:22]} Bh3 {[%emt 0:03:00]} 13. Re1 {[%emt 0:01:38]} Nd7 {[%emt 0:01:17]} 14. b4 {[%emt 0:00:32]} Be7 {[%emt 0:01:20]} 15. Nf4 {[%emt 0:01:55]} Bg5 {[%emt 0:07:34]} 16. Qe2 {[%emt 0:01:20]} Bxf4 {[%emt 0:01:39]} 17. Bxf4 {[%emt 0:00:13]} Nf6 {[%emt 0:00:40]} 18. a4 {[%emt 0:00:38]} Re8 {[%emt 0:02:18]} 19. Qc4 {[%emt 0:02:00]} Nd5 {[%emt 0:01:38]} 20. Bd6 {[%emt 0:02:06]} Qd8 {[%emt 0:02:12]} 21. Bc5 {[%emt 0:01:10]} Qf6 {[%emt 0:03:15]} 22. Qe2 {[%emt 0:01:56]} b6 {[%emt 0:01:12]} 23. Nxc6 {[%emt 0:02:19]} bxc5 {[%emt 0:02:05]} 0-1